书目信息 |
| 题名: |
实用马尔可夫决策过程
|
|
| 作者: | 刘克 编著 | |
| 分册: | ||
| 出版信息: | 北京 清华大学出版社 2004 |
|
| 页数: | 185页 | |
| 开本: | 23cm | |
| 丛书名: | 不确定理论与优化丛书 | |
| 单 册: | ||
| 中图分类: | O211.62 , O225 , O225 | |
| 科图分类: | ||
| 主题词: | 马尔可夫决策 , 马尔可夫过程 , 运筹学 | |
| 电子资源: | ||
| ISBN: | 7-302-09506-X | |
| 000 | 01044nam0 2200325 450 | |
| 000 | 01006nam0 2200301 450 | |
| 000 | 00936nam0 2200277 450 | |
| 000 | 00900nam0 2200265 45 | |
| 005 | 20070606175429.39 | |
| 010 | @a7-302-09506-X@dCNY22.00 | |
| 100 | @a20070521d2004 em y0chiy0120 ea | |
| 101 | 0 | @achi |
| 102 | @aCN@b110000 | |
| 105 | @ay z 000yy | |
| 200 | 1 | @a实用马尔可夫决策过程@AShi Yong Ma Er Ke Fu Jue Ce Guo Cheng@f刘克编著@FLiu Ke Bian Zhu |
| 210 | @a北京@c清华大学出版社@d2004 | |
| 215 | @a185页@d23cm | |
| 225 | 2 | @a不确定理论与优化丛书@v3 |
| 330 | @a本书是对研究随机环境下多阶段决策过程优化问题理论工具的介绍,介绍其决策过程的基本概念、决策过程及一些常用的基本理论等 | |
| 410 | 0 | @12001 @a不确定理论与优化丛书@v3 |
| 510 | 1 | @aApplied Markov Decision Processes@zeng |
| 606 | 0 | @a马尔可夫决策 |
| 606 | 0 | @a马尔可夫过程 |
| 606 | 0 | @a运筹学 |
| 690 | @aO211.62@v4 | |
| 690 | @aO225@v4 | |
| 690 | @aO225@v3 | |
| 701 | 0 | @a刘克@ALiu Ke@4编著 |
| 801 | 0 | @aCN@bTAOJIN@c20070606 |
| 905 | @a10447@dO225@e132 | |
| 实用马尔可夫决策过程/刘克编著.-北京:清华大学出版社,2004 |
| 185页;23cm.-(不确定理论与优化丛书;3) |
| ISBN 7-302-09506-X:CNY22.00 |
| 本书是对研究随机环境下多阶段决策过程优化问题理论工具的介绍,介绍其决策过程的基本概念、决策过程及一些常用的基本理论等 |
| ● |
| 相关链接 |
|
|
|
|
正题名:实用马尔可夫决策过程
索取号:O225/132
 
预约/预借
| 序号 | 登录号 | 条形码 | 馆藏地/架位号 | 状态 | 备注 |
| 1 | 0526770 | 205267708 | 第二样本阅览室/ [索取号:O225/132] | 在馆 | |
| 2 | 0526771 | 205267717 | 第三借阅区/ [索取号:O225/132] | 在馆 | |
| 3 | 0526772 | 205267726 | 第三借阅区/ [索取号:O225/132] | 在馆 | |
| 4 | 0526773 | 205267735 | 第三借阅区/ [索取号:O225/132] | 在馆 | |
| 5 | 0526774 | 205267744 | 第三借阅区/ [索取号:O225/132] | 在馆 | |
| 6 | 0526775 | 205267753 | 第三借阅区/ [索取号:O225/132] | 在馆 | |
| 7 | 0526776 | 205267762 | 第三借阅区/ [索取号:O225/132] | 在馆 | |
| 8 | 0526777 | 205267771 | 第三借阅区/ [索取号:O225/132] | 在馆 |